000
00315nam a22001337a 4500
008
170131b xxu||||| |||| 00| 0 eng d
020
_a
129146372500229500206520
041
_a
eng
080
_a
61
100
_a
3
101
_a
SHM
245
_a
HERBAL PRESCRIPTIONS FOR BETTER HEALTH
_c
BROWN, D.J
942
_2
udc
_c
BK
999
_c
4151
_d
4151